000 00437nam a2200145 a 4500
001 000042425
005 20201002040139.0
008 131129s1993 sp a 000 0 spa d
020 _a8479791276
040 _aDO-SdBNP
_bspa
_cBNPHU
082 _axxxx
_bxxxx
245 0 3 _aEl amor del Rey Salomón :
_bpasión de amor en el Cantar de los Cantares.
260 _aMadrid :
_bAnaya & Mario Muchnik,
_c1993.
300 _a[35] p. :
_bil. ;
_c12 cm.
999 _c41914
_d41914